[Event "Ciocaltea mem"]
[Site "Bucharest"]
[Date "1998.??.??"]
[Round "8"]
[White "Marin, Mihail"]
[Black "Iordachescu, Viorel"]
[Result "1-0"]
[WhiteElo "2545"]
[BlackElo "2520"]

1.Nf3 Nf6 2.c4 g6 3.g3 Bg7 4.Bg2 O-O 5.O-O d6 6.d4 c6 7.Nc3 Nbd7 8.e4 e5
9.b3 Re8 10.h3 a6 11.Be3 exd4 12.Nxd4 Nc5 13.Qc2 Qe7 14.Rae1 Bd7 15.Bc1 Nh5
16.Rd1 Rad8 17.b4 Ne6 18.Nf3 h6 19.Be3 Bc8 20.Qd2 Kh7 21.Bb6 Rd7 22.Rfe1 Ng5
23.Nd4 Qf8 24.f4 Ne6 25.Nde2 c5 26.Nd5 Nd4 27.Kh2 Re6 28.a4 Nxe2 29.Rxe2 Bd4
30.Qc2 Qg7 31.Red2 g5 32.Rxd4  1-0

[Event "Primavara"]
[Site "Bucharest"]
[Date "1998.??.??"]
[Round "12"]
[White "Ionescu, Cristian"]
[Black "Vajda, Levente"]
[Result "1/2-1/2"]
[WhiteElo "2495"]
[BlackElo "2440"]

1.Nf3 Nf6 2.c4 g6 3.g3 Bg7 4.Bg2 O-O 5.O-O d6 6.d4 Nbd7 7.Nc3 e5 8.b3 Re8
9.h3 a5 10.e3 exd4 11.Nxd4 Nc5 12.Rb1 Nce4 13.Nxe4 Nxe4 14.Bb2 h5 15.Ne2 Bxb2
16.Rxb2 Rb8 17.Nf4 Bd7 18.Rc2 Bc6 19.Qd4 Nc5 20.Nd5 Bxd5 21.cxd5 Qe7 22.Qc3 Ra8
23.Rd1 b5 24.Rd4 b4 25.Qd2 Qf8 26.Rcc4 Re5 27.Qc2 Ree8 28.h4 Rab8 29.Bf3 f5
30.Kg2 Re5 31.Rf4 Qe7 32.Qe2 Rf8 33.Qc2 Rb8 34.Rfd4 Qf8 35.Rd1 Qe7 36.Rc1 Rb5
37.Qd1 Kf8 38.Qe2 Kg7 39.R4c2 Rb8 40.Qc4 Qf6 41.Kf1 Re7 42.Kg1 Qe5 43.Qe2 Rb6
44.Rxc5 dxc5 45.Rxc5 a4 46.bxa4 b3 47.axb3 Rxb3 48.Kg2 Ra3 49.Qc2 Ra1 50.a5 Kh7
51.Qc4 Rg7 52.a6 f4 53.Qxf4 Qxf4 54.gxf4 Rxa6 55.Be4 Rf6 56.Kg3 Rgf7 57.Kf3 Kg7
58.Rc1 Kf8 59.Rg1 Rg7 60.Rg5 Ke7 61.Kg3 Kf7 62.Bd3 Rb6 63.Be4 Rf6 64.Bc2 Rb6
65.Ba4 Rb1 66.Kg2 Kf6 67.e4 Rb4 68.Bc2 Rc4 69.Bd3 Rd4 70.Rg3 Rg8 71.Re3 Ra8
72.Rg3 Ra2 73.e5+ Ke7 74.Bxg6 Rxf4 75.Bxh5  1/2-1/2

[Event "Budapest FS06 GM"]
[Site "Budapest"]
[Date "1998.??.??"]
[Round "7"]
[White "Vadasz, Laszlo"]
[Black "Roeder, Mathias"]
[Result "0-1"]
[WhiteElo "2380"]
[BlackElo "2435"]

1.Nf3 Nf6 2.c4 g6 3.g3 Bg7 4.Bg2 O-O 5.O-O c6 6.d4 d6 7.Nc3 Qa5 8.e4 Bg4
9.Qb3 Qb6 10.Be3 Nfd7 11.Nd2 Bxd4 12.Bxd4 Qxd4 13.Qxb7 Qb6 14.Qxa8 Be6 15.Nd5 cxd5
16.cxd5 Ne5 17.dxe6 Nbc6 18.exf7+ Kxf7 19.Qxf8+ Kxf8 20.b3 Nd4 21.h3 Qb4
22.Rad1 Ne2+ 23.Kh2 Nc3 24.Ra1 Nd3 25.Nc4 e6 26.f4 Qc5 27.Rad1 Nxd1 28.Rxd1 Qd4
29.Nxd6 Qxd6 30.Bf1 Qd4 31.Rxd3 Qxe4 32.Rd7 a5 33.Bg2 Qc2 34.Rxh7 g5 35.Rb7 gxf4
36.gxf4 Qf2 37.a4 Qxf4+ 38.Kg1 Qc1+ 39.Kh2 e5 40.b4 Qf4+ 41.Kh1 e4 42.bxa5 e3
43.a6 e2 44.Rb1 Qxa4 45.Bf3 Qf4 46.Kg2 Qd2  0-1

[Event "Budapest Nyar-A"]
[Site "Budapest"]
[Date "1998.??.??"]
[Round "7"]
[White "Stocek, Jiri"]
[Black "Vajda, Levente"]
[Result "0-1"]
[WhiteElo "2470"]
[BlackElo "2480"]

1.Nf3 Nf6 2.c4 g6 3.g3 Bg7 4.Bg2 O-O 5.O-O d6 6.Nc3 e5 7.d3 h6 8.Rb1 a5 9.a3 Nc6
10.b4 axb4 11.axb4 Ne7 12.Bb2 Be6 13.c5 Nfd5 14.Nxd5 Nxd5 15.Ba1 b5 16.e4 Ne7
17.d4 Ba2 18.Rc1 Bc4 19.cxd6 Qxd6 20.Re1 Nc6 21.Nxe5 Nxe5 22.dxe5 Qxb4 23.Qd7 c5
24.Bh3 Qa3 25.e6 Bxa1 26.e7 Bd4 27.exf8=Q+ Rxf8 28.Qd6 Qf3 29.Rc2 Qd3  0-1

[Event "Cannes op"]
[Site "Cannes"]
[Date "1998.??.??"]
[Round "3"]
[White "Mednis, Edmar John"]
[Black "Kaabi, Mejdi"]
[Result "1/2-1/2"]
[WhiteElo "2400"]
[BlackElo "2330"]

1.c4 Nf6 2.g3 g6 3.Bg2 Bg7 4.Nf3 O-O 5.O-O d6 6.d4 Nc6 7.Nc3 a6 8.h3 Rb8
9.e4 Nd7 10.Be3 b5 11.cxb5 axb5 12.Rc1 Na5 13.b3 b4 14.Ne2 c6 15.Qc2 Ba6
16.Rfd1 Nb6 17.Nf4 e6 18.h4 h6 19.Qd2 Nd7 20.Ne1 Kh7 21.Nfd3 d5 22.Nxb4 Bb5
23.Bf4 Rb7 24.Nec2 Ra7 25.Qe1 Qb6 26.e5 Rc8 27.Be3 Raa8 28.f4 Bf8 29.Kh2 Qb7
30.Bf3 c5 31.dxc5 Nxc5 32.Bd4 Nc6 33.Nxc6 Bxc6 34.Ra1 Bb5 35.Ne3 Nd3 36.Qg1 Nb4
37.Rd2 Nc6 38.Ng4 Nxd4 39.Qxd4 Bc5 40.Qb2 Ba3 41.Qd4 Bc5 42.Qb2 Ba3  1/2-1/2

[Event "Cannes op"]
[Site "Cannes"]
[Date "1998.??.??"]
[Round "6"]
[White "Rotstein, Arkadij"]
[Black "Zueger, Beat"]
[Result "1-0"]
[WhiteElo "2485"]
[BlackElo "2445"]

1.Nf3 Nf6 2.c4 g6 3.g3 Bg7 4.Bg2 O-O 5.O-O d6 6.Nc3 a6 7.Rb1 c6 8.b4 b5 9.cxb5 axb5
10.Bb2 e5 11.Qc2 Re8 12.d3 Na6 13.Ba1 Bd7 14.Nd2 Qe7 15.Rfc1 d5 16.a3 h5
17.e3 h4 18.Ne2 hxg3 19.hxg3 Ng4 20.Bf3 Nc7 21.Bb2 f5 22.Nb3 Qg5 23.Nc5 Bc8
24.Kg2 Nf6 25.Rh1 e4 26.Nd4 Nd7 27.Be2 Ne5 28.Rh4 Re7 29.Rbh1 Ne8 30.Qb3 Nf6
31.dxe4 fxe4 32.Rxe4  1-0

[Event "Cannes op"]
[Site "Cannes"]
[Date "1998.??.??"]
[Round "8"]
[White "Mednis, Edmar John"]
[Black "Bernard, Christophe"]
[Result "1/2-1/2"]
[WhiteElo "2400"]
[BlackElo "2355"]

1.c4 Nf6 2.g3 g6 3.Bg2 Bg7 4.Nf3 O-O 5.O-O d6 6.d4 c6 7.Nc3 Nbd7 8.e4 e5
9.h3 Re8 10.Re1 exd4 11.Nxd4 Nc5 12.Bf4 Nh5 13.Be3 Nf6 14.Qc2 a5 15.Rad1 Qe7
16.Bf4 Nfd7 17.Nb3 Ne5 18.Nxc5 dxc5 19.b3 g5 20.Bxe5 Bxe5 21.Na4 Be6 22.Nb2 Kh8
23.Nd3 Bd4 24.Kh2 Rg8 25.Qe2 Rg6 26.Bf3 a4 27.Bg4 axb3 28.axb3 Ra3 29.Rb1 Rg8
30.Kg2 b5 31.Rec1 b4 32.Rd1 Rd8 33.e5 Ra7 34.Qe4 Rad7 35.Re1 Bc3 36.Re3 Rd4
37.Qf3 Bd2 38.Bxe6 fxe6 39.Ne1 Rf8 40.Qe2 Bxe3 41.Qxe3 Qd8 42.Rb2 Rf5 43.Qe2 Rd1
44.Ra2 Qd4 45.Qh5 Rf8 46.Qh6 Qe4+ 47.Kh2 Rdd8 48.Ng2 Qg6 49.Qxg6 hxg6 50.Ne3 Ra8
51.Rb2 Rfd8 52.Nf1 Rd4 53.Nd2 Ra3 54.Nf3 Rxc4 55.Nxg5 Rc3 56.Rd2 Raxb3 57.Rd8+ Kg7
58.Rd7+ Kf8 59.Nh7+ Ke8 60.Nf6+ Kf8 61.Nh7+ Ke8  1/2-1/2

[Event "Cappelle op"]
[Site "Cappelle la Grande"]
[Date "1998.??.??"]
[Round "5"]
[White "McNab, Colin Anderson"]
[Black "Orsag, Milan"]
[Result "1/2-1/2"]
[WhiteElo "2500"]
[BlackElo "2365"]

1.c4 Nf6 2.Nf3 g6 3.g3 Bg7 4.Bg2 O-O 5.O-O d5 6.cxd5 Nxd5 7.d4 Nb6 8.Qc2 Nc6
9.Rd1 Bf5 10.e4 Bg4 11.d5 Bxf3 12.Bxf3 Nd4 13.Qd3 Nxf3+ 14.Qxf3 Qd7 15.Nc3 Rfd8
16.Bf4 c6 17.Rac1 Bxc3 18.dxc6 Qxc6 19.Rxd8+ Rxd8 20.Rxc3 Qe6 21.Rd3 Rc8
22.b3 h5 23.h4 Nd7 24.Rc3 Rc6 25.Rxc6  1/2-1/2

[Event "Chemnitz op"]
[Site "Chemnitz"]
[Date "1998.??.??"]
[Round "7"]
[White "Sichinava, Roman"]
[Black "Van der Weide, Karel"]
[Result "0-1"]
[WhiteElo "2410"]
[BlackElo "2450"]

1.Nf3 Nf6 2.g3 g6 3.Bg2 Bg7 4.c4 O-O 5.O-O d6 6.Nc3 e5 7.d3 h6 8.Rb1 a5 9.a3 Re8
10.Nd2 c6 11.b4 axb4 12.axb4 d5 13.b5 Be6 14.bxc6 bxc6 15.Bb2 Nbd7 16.Qc2 Rc8
17.Ba3 h5 18.Rfd1 h4 19.Nf3 hxg3 20.hxg3 Ng4 21.Bc1 Bf6 22.Qd2 Nf8 23.Ng5 Bxg5
24.Qxg5 Qxg5 25.Bxg5 dxc4 26.d4 Nh7 27.Bc1 Nhf6 28.dxe5 Nxe5 29.Bg5 Nd5 30.Nxd5 cxd5
31.Bxd5 c3 32.Bxe6 Rxe6 33.Rbc1 c2 34.Rd2 Rec6 35.Bf4 Ng4 36.f3 Nf6 37.Kf2 Nh5
38.Be5 f6 39.Bd4 Ng7 40.g4 Kf7 41.Ke1 Ne6 42.Be3 f5 43.gxf5 gxf5 44.Rd5 f4
45.Bxf4 Nxf4 46.Rf5+ Rf6 47.Rxf6+ Kxf6 48.Kd2 Rd8+ 49.Kxc2 Nxe2 50.Rd1 Nd4+
51.Kc3 Ke5 52.Re1+ Kf5 53.Re3 Ne6 54.Rd3 Re8 55.Re3 Rd8 56.f4 Nxf4 57.Kc4 Ng6
58.Re2 Ne5+ 59.Kc3 Rd3+ 60.Kc2 Rh3 61.Re1 Nc4 62.Re8 Ne5 63.Ra8 Ke4 64.Rd8 Nc6
65.Re8+ Kd4 66.Kd2 Ra3 67.Ke2 Ne5 68.Kf2 Ke4 69.Kg2 Ra7 70.Kg3 Rf7 71.Kg2 Rf5
72.Rg8 Nd3 73.Re8+ Kf4 74.Rg8 Rf7 75.Rg6 Ne5 76.Rg8 Ng4 77.Ra8 Ne5 78.Rg8 Rf6
79.Rg7 Rf8 80.Ra7 Rb8  0-1

[Event "Creon op"]
[Site "Creon"]
[Date "1998.??.??"]
[Round "8"]
[White "Prie, Eric"]
[Black "Grigore, George"]
[Result "0-1"]
[WhiteElo "2470"]
[BlackElo "2480"]

1.Nf3 Nf6 2.c4 g6 3.g3 Bg7 4.Bg2 O-O 5.O-O d6 6.d4 c6 7.Nc3 Qa5 8.e4 Bg4
9.h3 Bxf3 10.Qxf3 Qb4 11.b3 Nbd7 12.Rd1 a6 13.Rb1 e5 14.d5 c5 15.h4 Qa5 16.Bh3 h5
17.Bg5 Qc7 18.Kg2 Kh7 19.Rh1 Ng8 20.Nd1 Bh6 21.g4 Bxg5 22.hxg5 h4 23.Kg1 Qd8
24.Qe3 Kg7 25.Bf1 Re8 26.Rxh4 Nf8 27.b4 b6 28.bxc5 bxc5 29.Rb7 Re7 30.Rb3 Re8
31.Rh2 Nh7 32.Rxh7+ Kxh7 33.Qh3+ Kg7 34.Qh4 Rb8 35.Rh3 Kf8 36.Ne3 Ke7 37.Rf3 Rf8
38.Qh7 Qe8 39.Ng2 Kd7 40.Ra3 Rb6 41.Nh4 Qe7 42.Nf3 Ke8 43.Bd3 Qd7 44.Nh2 Qb7
45.Bc2 Rb2 46.Ba4+ Ke7 47.Rb3 Rxb3 48.axb3 Qb4 49.Nf1 Qe1 50.Qh1 Rb8 51.Qf3 Qc1
52.Qe3 Qxe3 53.Nxe3 f6 54.gxf6+ Kxf6 55.Kg2 Kg5 56.Kg3 Nf6 57.f3 Rh8 58.Nf1 Rh6
59.Bc6 Nh7 60.Be8 Kf6 61.Kg2 Ng5 62.Ng3 Nh3 63.Nh5+ gxh5 64.Kxh3 h4 65.Bc6 Kg5
66.Bb7 Rf6  0-1

[Event "CZE-ch U18"]
[Site "CZE"]
[Date "1998.??.??"]
[Round "?"]
[White "Marous, Roman"]
[Black "Pirklova, Hana"]
[Result "0-1"]
[WhiteElo "1660"]
[BlackElo "1850"]

1.Nf3 Nf6 2.g3 g6 3.Bg2 Bg7 4.c4 O-O 5.O-O c6 6.d4 d6 7.Nc3 Qa5 8.Bd2 Qh5
9.Ng5 h6 10.Nf3 e5 11.dxe5 dxe5 12.e4 Bg4 13.Re1 Rd8 14.Qe2 Na6 15.Be3 Nc7
16.Rad1 Ne6 17.h3 Bxh3 18.Bxh3 Qxh3 19.Nxe5 Nxe4 20.Nxe4 Bxe5 21.c5 Rxd1
22.Rxd1 Nc7 23.Nd6 Nd5 24.Bd4 Bxd4 25.Rxd4 Qd7 26.Rd3 b6 27.Rf3 Rf8 28.Qc4 Qe6
29.Ne4 Re8 30.Nd6 Re7 31.Kg2 Rd7 32.Kh2 bxc5 33.Ne4 Re7 34.Nxc5 Qe1 35.Nd3 Qe2
36.Kg2 Ne3+  0-1

[Event "CZE-chT 9899"]
[Site "CZE"]
[Date "1998.??.??"]
[Round "2"]
[White "Zabystrzan, Pavel"]
[Black "Firt, Stanislav"]
[Result "1-0"]
[WhiteElo "2280"]
[BlackElo "2335"]

1.Nf3 Nf6 2.c4 g6 3.g3 Bg7 4.Bg2 O-O 5.O-O d6 6.d4 c6 7.Nc3 Qa5 8.Qd2 Qh5
9.Qg5 Qxg5 10.Bxg5 h6 11.Bd2 Nbd7 12.Rfd1 e5 13.Be1 exd4 14.Nxd4 Nb6 15.b3 d5
16.cxd5 Nbxd5 17.Rac1 Ne7 18.b4 Bd7 19.b5 Rac8 20.bxc6 Nxc6 21.Ndb5 Rb8 22.Bd2 Ng4
23.Bf4 Nge5 24.Nxa7 Nxa7 25.Bxe5 Bxe5 26.Rxd7 Rfc8 27.Bxb7 Rxc3 28.Rxc3 Bxc3
29.Bd5 Nc8 30.Bxf7+ Kf8 31.Bxg6 Nb6 32.Rf7+ Kg8 33.Rc7 Be5 34.Re7 Bd6 35.Re8+ Rxe8
36.Bxe8 Kf8 37.Bb5 Ba3 38.e4 Nc8 39.f4 Nd6 40.Bd3 Ke7 41.Kf2 Nf7 42.Kf3 Kd6
43.Bc4 Nd8 44.Bd5 h5 45.h3 Ne6 46.Bxe6 Kxe6 47.g4 Kf6 48.gxh5 Bc1 49.a4 Bd2
50.Kg4  1-0

[Event "Moravia-chT 9798"]
[Site "CZE"]
[Date "1998.??.??"]
[Round "9.1"]
[White "Matlak, Marek"]
[Black "Obsivac, Josef"]
[Result "0-1"]
[WhiteElo "2430"]
[BlackElo "2345"]

1.Nf3 Nf6 2.c4 g6 3.g3 Bg7 4.Bg2 O-O 5.O-O d6 6.d4 c6 7.Nc3 Qa5 8.h3 e5 9.e4 Ne8
10.Be3 Nd7 11.Qc2 f5 12.dxe5 dxe5 13.a3 f4 14.b4 Qd8 15.Bd2 Qe7 16.Ne2 g5
17.g4 Ndf6 18.Nh2 h5 19.f3 Be6 20.c5 Nc7 21.Bc3 Nd7 22.Bb2 a5 23.Rad1 axb4
24.axb4 Nb5 25.Ra1 Kh7 26.Rxa8 Rxa8 27.Ra1 Rxa1+ 28.Bxa1 Qd8 29.Nc1 h4 30.Bf1 Qa8
31.Bb2 Nd4 32.Qd3 Qa4 33.Qa3 Qxa3 34.Bxa3 Nc2 35.Bb2 Nxb4 36.Ba3 Nc2 37.Bb2 Nxc5  0-1

[Event "Decin op-A"]
[Site "Decin"]
[Date "1998.??.??"]
[Round "1"]
[White "Snajdr, Jiri"]
[Black "Kamenets, Anatolij"]
[Result "1-0"]
[WhiteElo "2055"]
[BlackElo "2305"]

1.c4 Nf6 2.Nf3 g6 3.g3 Bg7 4.Bg2 O-O 5.O-O d6 6.Nc3 e5 7.e4 Nc6 8.d3 Bd7
9.Rb1 a5 10.a3 Qc8 11.b4 axb4 12.axb4 Kh8 13.b5 Nd8 14.Bd2 Ne6 15.Qc1 c6
16.bxc6 bxc6 17.Bh6 Qc7 18.Bxg7+ Kxg7 19.Qd2 Qa7 20.h3 Rfb8 21.Rb2 Rxb2 22.Qxb2 Rb8
23.Qc2 Ne8 24.Rb1 N8c7 25.Rxb8 Qxb8 26.Ne2 Qb6 27.Qc3 f6 28.Nd2 Na6 29.Nb3 Kf7
30.d4 c5 31.dxe5 dxe5 32.f4 Nd4 33.Nexd4 cxd4 34.Qf3 d3+ 35.Qf2 Qxb3 36.fxe5 f5
37.exf5 gxf5 38.Qd4 Nb8 39.Qh4 Qb6+ 40.Kh2 Be6 41.Qxh7+ Ke8 42.Qh8+ Ke7 43.Qg7+ Bf7
44.Qg5+ Ke8 45.Qxf5 d2 46.Qd3 Qf2 47.Qd6 Nd7 48.e6 Bxe6 49.Qxe6+ Kd8 50.Qd5 Qe2
51.Qa5+ Ke8 52.Qa8+ Ke7 53.Qa3+ Ke6 54.Qa6+ Kf7  1-0

[Event "Decin op-A"]
[Site "Decin"]
[Date "1998.??.??"]
[Round "3"]
[White "Terentiev, Denis"]
[Black "Dochev, Dimitar"]
[Result "1/2-1/2"]
[WhiteElo "2245"]
[BlackElo "2360"]

1.Nf3 Nf6 2.g3 g6 3.Bg2 Bg7 4.c4 O-O 5.Nc3 d6 6.O-O Nc6 7.Rb1 e5 8.d3 h6
9.b4 Be6 10.Re1 Qc8 11.Bd2  1/2-1/2

[Event "Dieren op"]
[Site "Dieren"]
[Date "1998.??.??"]
[Round "7"]
[White "Bosboom, Manuel"]
[Black "Maryasin, Boris"]
[Result "0-1"]
[WhiteElo "2450"]
[BlackElo "2350"]

1.c4 Nf6 2.Nf3 g6 3.g3 Bg7 4.Bg2 O-O 5.O-O Nc6 6.Nc3 a6 7.d4 Rb8 8.b3 b5
9.cxb5 axb5 10.Bb2 b4 11.Nb1 Na7 12.Nbd2 Nb5 13.Nc4 Bb7 14.Qd2 Be4 15.Qf4 Qc8
16.Ncd2 Ba8 17.e4 Nc3 18.Rfe1 c5 19.a4 cxd4 20.e5 Nfd5 21.Qxd4 d6 22.Qh4 dxe5
23.Nxe5 Qf5 24.Ndc4 Rfd8 25.Bh3 Qc2 26.Nxf7 Rf8 27.Be6 Rxf7 28.Bxf7+ Kxf7
29.Qxh7 Rf8 30.Ne5+ Ke8 31.Qxg6+ Qxg6 32.Nxg6 Rf5 33.Re6 Bd4 34.Bxc3 Bxf2+
35.Kf1 bxc3 36.Ke2 Kf7 37.Nh4 Kxe6 38.Nxf5 Bc5 39.Rf1 Nb4 40.Ne3 Be4 41.Rc1 Bd4
42.a5 Nd3 43.Ra1 Nc5 44.a6 Bd3+ 45.Kf3 Nxa6 46.Ra4 Bc5 47.h4 Nb4 48.h5 Nd5
49.Ng4 c2 50.Ra1 Ba3 51.Re1+ Kd6 52.Ne5 Nb4 53.Nf7+ Kd5  0-1

[Event "Dos Hermanas op"]
[Site "Dos Hermanas"]
[Date "1998.??.??"]
[Round "9"]
[White "Illescas Cordoba, Miguel"]
[Black "Durao, Joaquim"]
[Result "1-0"]
[WhiteElo "2600"]
[BlackElo "2200"]

1.Nf3 Nf6 2.c4 g6 3.g3 Bg7 4.Bg2 O-O 5.O-O d6 6.d4 Nc6 7.Nc3 e5 8.d5 Ne7
9.e4 Ne8 10.Ne1 f5 11.Nd3 Nf6 12.Bg5 fxe4 13.Nxe4 Nxe4 14.Bxe4 Bh3 15.Re1 Bf6
16.Bh6 Rf7 17.f4 exf4 18.Nxf4 Nf5 19.Bxf5 Bxf5 20.Ne6 Qc8 21.g4 Bxe6 22.dxe6 Re7
23.Qf3 Rxe6 24.c5 Qe8 25.Qd5 Bd4+ 26.Kg2 Be5 27.cxd6 cxd6 28.Rac1 Qf7 29.Rf1 Rf6
30.Qxf7+ Rxf7 31.Rxf7 Kxf7 32.Rc7+ Ke6 33.b3 b6 34.Rxh7 Rh8 35.Rxh8 Bxh8
36.Bg5 Be5 37.h4 d5 38.Kf3 b5 39.Ke3 a6 40.Kd3 Bb2 41.Be3 Bf6 42.Bf2 Bd8
43.Be1 Bb6 44.Bd2 Ke5 45.Bc1 Bd8 46.h5 gxh5 47.gxh5 Bb6 48.Be3 Bd8 49.Bc5 Ke6
50.h6 Kf6 51.Kd4  1-0

[Event "Centrocoop June op-A"]
[Site "Eforie Nord "]
[Date "1998.??.??"]
[Round "?"]
[White "Telea, Stefan"]
[Black "Terentiev, Anatoli"]
[Result "0-1"]
[WhiteElo "2155"]
[BlackElo "2290"]

1.Nf3 Nf6 2.g3 g6 3.Bg2 Bg7 4.c4 O-O 5.O-O d6 6.d4 c6 7.Nc3 Nbd7 8.e4 e5
9.h3 Qb6 10.dxe5 Nxe5 11.Nxe5 dxe5 12.Be3 Qb4 13.Qb3 Qe7 14.Rfd1 Be6 15.Qa4 Nd7
16.c5 f5 17.Rd6 f4 18.gxf4 exf4 19.Bd4 Be5 20.Bxe5 Nxe5 21.f3 Nc4 22.Rxe6 Qxe6
23.Qb3 Qf7  0-1

[Event "Centrocoop June op-A"]
[Site "Eforie Nord "]
[Date "1998.??.??"]
[Round "?"]
[White "Mik, Aurel"]
[Black "Mirochnikov, Evgheni"]
[Result "1/2-1/2"]
[WhiteElo "2175"]
[BlackElo "2000"]

1.c4 Nf6 2.Nf3 g6 3.g3 Bg7 4.Bg2 O-O 5.O-O d6 6.d4 Nbd7 7.Nc3 c6 8.e4 e5
9.d5 cxd5 10.cxd5 Nc5 11.Qe2 Qc7 12.Nh4 a5 13.Be3 Bd7 14.a4 Na6 15.Rac1 Rfc8
16.Qd2 Qd8 17.h3 Nc5 18.Bxc5 Rxc5 19.b3 Qb6 20.Ne2 Rac8 21.Rxc5 Rxc5 22.Rc1 Rxc1+
23.Nxc1 Ne8 24.Nf3 Nc7 25.Ne1 Na6 26.Ned3 f5 27.h4 Qc7 28.Ne2 fxe4 29.Bxe4 b5
30.axb5 Bxb5 31.Nc3 Bxd3 32.Bxd3 Nc5 33.Bc4 Qb6 34.Na4 Nxa4 35.bxa4 Qb1+
36.Kh2 Qb6 37.Bb5  1/2-1/2

[Event "Centrocoop Sept op-A"]
[Site "Eforie Nord"]
[Date "1998.??.??"]
[Round "?"]
[White "Tseitline, Semenov"]
[Black "Khruschiov, Alexey"]
[Result "1/2-1/2"]
[WhiteElo "1750"]
[BlackElo "2210"]

1.Nf3 Nf6 2.c4 g6 3.g3 Bg7 4.Bg2 O-O 5.O-O d6 6.d4 c6 7.Nc3 Nbd7 8.b3 Re8
9.Bb2 e5 10.dxe5 dxe5 11.e3 e4 12.Ne1 Qa5 13.Qc2 Qf5 14.Rd1 b5 15.cxb5 cxb5
16.f3 Qc5 17.fxe4 Ng4 18.Nd5 Bxb2 19.Qxb2 Bb7 20.b4 Qf8 21.Nc2 Rac8 22.Bh3 Rxe4
23.Bg2 Bxd5 24.Rxd5 Rec4 25.Rd2 Nb6 26.a3 Qh6 27.h3 Nxe3 28.Nxe3 Qxe3+ 29.Kh2 R4c7
30.Rfd1 Qe7 31.Re2 Qf8 32.h4 Rd8 33.Rde1 Rcd7 34.Bc6 Nc4 35.Qa1 Rd3 36.Rf2 Rc8
37.Bb7 Rb8  1/2-1/2

[Event "FIN-chT9899"]
[Site "FIN"]
[Date "1998.??.??"]
[Round "1"]
[White "Haapasalo, Jukka Pekka"]
[Black "Paavilainen, Jorma"]
[Result "1/2-1/2"]
[WhiteElo "2185"]
[BlackElo "2325"]

1.c4 Nf6 2.Nf3 g6 3.g3 Bg7 4.Bg2 O-O 5.O-O c6 6.d4 d6 7.Nc3 Qa5 8.h3 Qa6
9.Nd2 d5 10.cxd5 cxd5 11.Nb3  1/2-1/2

[Event "Oberliga Ost B9899"]
[Site "GER"]
[Date "1998.??.??"]
[Round "?"]
[White "Brecht, Anselm"]
[Black "Paehtz, Thomas Jr"]
[Result "1/2-1/2"]
[WhiteElo "2280"]
[BlackElo "2155"]

1.Nf3 Nf6 2.c4 g6 3.g3 Bg7 4.Bg2 O-O 5.O-O d6 6.Nc3 e5 7.d4 Nc6 8.d5 Ne7
9.e4 Ne8 10.Ne1 f5 11.Nd3 Nf6 12.f3 c6 13.Bd2 b5 14.b3 bxc4 15.bxc4 cxd5
16.cxd5 Qb6+ 17.Nf2 Ba6 18.Rb1 Qd4 19.Nb5  1/2-1/2

[Event "Oberliga Ost B9899"]
[Site "GER"]
[Date "1998.??.??"]
[Round "?"]
[White "Sehrt, Juergen"]
[Black "Banas, Jan"]
[Result "1-0"]
[WhiteElo "2235"]
[BlackElo "2425"]

1.c4 g6 2.Nf3 Bg7 3.g3 Nf6 4.Bg2 O-O 5.O-O d5 6.cxd5 Nxd5 7.Nc3 Nb6 8.d4 Nc6
9.e3 e5 10.d5 Na5 11.e4 c6 12.dxc6 Qxd1 13.Rxd1 Nxc6 14.Be3 Bg4 15.Nb5 Nc4
16.Bc5 Rfc8 17.b3 b6 18.Bd6 Nxd6 19.Nxd6 Rd8 20.Nb5 Nd4 21.Nbxd4 exd4 22.h3 Bc8
23.Rac1 Bb7 24.e5 d3 25.Rc3 Be4 26.Ng5 Bxg2 27.Kxg2 Bxe5 28.Rcxd3 Rxd3 29.Rxd3 Rc8
30.Rd5 Bf6 31.Ne4 Be7 32.Rd7 Kf8 33.Rxa7 f5 34.Nd2 Rc2 35.Rd7 Rxa2 36.g4 Ke8
37.Rd5 Bb4 38.Nc4 fxg4 39.hxg4 Bc5 40.Nd2 Ke7 41.Ne4 Ke6 42.Rd3 Ke5 43.Kf3 Bd4
44.Nd2 b5 45.Kg3 Bc5 46.f4+ Ke6 47.Ne4 Be7 48.Nc3 Ra5 49.Rd5 Bf6 50.f5+ gxf5
51.gxf5+ Ke7 52.Ne4 h5 53.Kf4 Ra1 54.Rxb5 Rf1+ 55.Ke3 Re1+ 56.Kf3 Bg7 57.Rb7+ Kf8
58.Kf4 h4 59.f6 Rf1+ 60.Kg5 Bxf6+ 61.Nxf6 h3 62.Rh7 Rf3 63.b4 Rb3 64.Kg6 Rg3+
65.Kf5 Rf3+ 66.Ke6 Re3+ 67.Kd6 Rf3 68.Ne4 Kg8 69.Rh4 Kg7 70.Ng5  1-0

[Event "Oberliga Ost A9899"]
[Site "GER"]
[Date "1998.??.??"]
[Round "?"]
[White "Werchan, Hans"]
[Black "Prochnow, Mario"]
[Result "0-1"]
[WhiteElo "2145"]
[BlackElo "2230"]

1.Nf3 Nf6 2.c4 g6 3.g3 Bg7 4.Bg2 O-O 5.O-O d6 6.b3 e5 7.Bb2 Nc6 8.d3 h6 9.e3 Bf5
10.Nc3 Qd7 11.Re1 Bh3 12.Qe2 Rae8 13.Qf1 Bxg2 14.Qxg2 Nh5 15.Nd5 e4 16.Nd4 exd3
17.g4 Nxd4 18.Bxd4 Bxd4 19.exd4 c6 20.gxh5 cxd5 21.hxg6 dxc4 22.bxc4 fxg6
23.Qxg6+ Qg7 24.Qxg7+ Kxg7 25.Rxe8 Rxe8 26.Rd1 Re2 27.a3 Rc2 28.Rxd3 Rxc4
29.Kg2 Kf6 30.Kf3 Kf5 31.Ke3 b5 32.Rb3 a6 33.h3 h5 34.Rd3 Rc2 35.Kf3 Ke6
36.Ke3 Kd5 37.h4 Rc1 38.Kf4 Kc4 39.Rg3 Kxd4 40.Rg5 Rc5 41.Rg6 Rd5 42.Rg7 a5
43.Ra7 b4 44.axb4 axb4 45.Rb7 Kc3 46.Ke3 b3 47.f4 b2 48.Ke4 Rd4+  0-1

[Event "NRW-Liga I 9899"]
[Site "GER"]
[Date "1998.??.??"]
[Round "2"]
[White "Haub, Thorsten Michael"]
[Black "Fleck, Juergen"]
[Result "0-1"]
[WhiteElo "2435"]
[BlackElo "2375"]

1.Nf3 Nf6 2.g3 g6 3.Bg2 Bg7 4.c4 O-O 5.O-O d6 6.Nc3 Nc6 7.d3 e5 8.Rb1 a5
9.a3 Nd4 10.Ne1 c6 11.b4 axb4 12.axb4 d5 13.e3 Nf5 14.b5 Be6 15.Nf3 Nd7 16.Ng5 Qxg5
17.e4 Qe7 18.exd5 Bxd5 19.cxd5 c5 20.Ne4 Nd6 21.Bh3 b6 22.Bg5 f6 23.Qg4 Nf5
24.d6 Qf7 25.Bd2 Rfd8 26.Bg2 Ra7 27.Ra1 Rxa1 28.Rxa1 Nd4 29.Nc3 f5 30.Qd1 Qf8
31.Ra7 Qxd6 32.Bg5 Bf6 33.Bd5+ Kh8 34.Bh6 Bg7 35.Bxg7+ Kxg7 36.Rb7 Nxb5 37.Nxb5 Qxd5
38.Ra7 Qc6 39.Nc3 Ra8 40.Qa1 Rxa7 41.Qxa7 b5 42.Qa5 b4 43.Qd8 Kf7 44.Nd1 Qd5
45.Ne3 Qxd3 46.Nc4 b3 47.Qc7 Ke7 48.Na5 Qd1+ 49.Kg2 Qd5+ 50.Kh3 b2  0-1

[Event "NRW-Liga II 9899"]
[Site "GER"]
[Date "1998.??.??"]
[Round "4"]
[White "Simon, Hans Christian"]
[Black "Odendahl, Reiner"]
[Result "0-1"]
[WhiteElo "2195"]
[BlackElo "2320"]

1.Nf3 Nf6 2.c4 g6 3.g3 Bg7 4.Bg2 O-O 5.O-O d6 6.d4 c6 7.Nc3 Na6 8.e4 e5 9.h3 Qb6
10.b3 exd4 11.Na4 Qa5 12.Nxd4 Re8 13.Re1 Nxe4 14.Bb2 d5 15.Rc1 Bd7 16.a3 Nf6
17.Rxe8+ Rxe8 18.b4 Qd8 19.cxd5 Nxd5 20.Nb3 b6 21.Bxg7 Kxg7 22.Nc3 Nf6 23.Qd3 Nc7
24.Rd1 Qe7 25.g4 Qe5 26.Nd4 Ncd5 27.Nxd5 cxd5 28.Nc2 Ba4 29.Rd2 Bxc2 30.Qxc2 h6
31.Qd1 Qc3 32.b5 Qxa3 33.Bxd5 Qxh3 34.Bf3 Qh4 35.Rd6 Qg5 36.Bc6 Re5 37.f3 h5
38.Rd4 Qe3+ 39.Kg2 hxg4 40.fxg4 g5 41.Ra4 Qe2+ 42.Qxe2 Rxe2+ 43.Kf3 Re7 44.Rd4 Nh7
45.Rd6 Nf8 46.Rd8 Ng6 47.Bd5 Ne5+ 48.Kg3 Rc7  0-1

[Event "BL2-S9798"]
[Site "Germany"]
[Date "1998.??.??"]
[Round "?.1"]
[White "Mandl, Robert"]
[Black "Schmaltz, Roland"]
[Result "0-1"]
[WhiteElo "2420"]
[BlackElo "2445"]

1.Nf3 Nf6 2.c4 g6 3.g3 Bg7 4.Bg2 O-O 5.O-O d6 6.Nc3 e5 7.d3 h6 8.Rb1 a5 9.a3 Re8
10.Nd2 c6 11.b4 axb4 12.axb4 Be6 13.Bb2 d5 14.Ra1 Nbd7 15.Rxa8 Qxa8 16.Qc2 Rc8
17.Ra1 Qb8 18.Ra5 Bf8 19.cxd5 cxd5 20.Qa4 Nb6 21.Qb5 Qd6 22.Ra7 Qxb4 23.Rxb7 Qxb5
24.Nxb5 Rc2 25.Bc3 Na4 26.Ba5 Rb2 27.h3 Bc8 28.Rb8 Bd7 29.Bd8 Ne8 30.Nf3 Rxb5
31.Rxb5 Bxb5 32.Nxe5 Bg7 33.Nf3 Nc3 34.Kf1 Nd6 35.Bb6 Ba4 36.Ke1 Ndb5 37.Bc5 Bb3
38.Bf1 Nb1 39.d4 Bc4 40.e3 Bxf1 41.Kxf1 N1c3 42.Ne1 Ne4 43.Bb6 Bf8 44.Nd3 Bd6
45.g4 Kf8 46.f3 Nd2+ 47.Kf2 Nc4 48.Bc5 Bxc5 49.Nxc5 Ke7 50.Nb3 Nc3  0-1

[Event "BL2-S9798"]
[Site "Germany"]
[Date "1998.??.??"]
[Round "?.2"]
[White "Rausis, Igors"]
[Black "Mann, Christian"]
[Result "1/2-1/2"]
[WhiteElo "2490"]
[BlackElo "2460"]

1.Nf3 Nf6 2.c4 g6 3.g3 Bg7 4.Bg2 O-O 5.O-O c6 6.d4 d5 7.Qb3 Qb6 8.Nc3 dxc4
9.Qxc4 Na6 10.e4 Bg4 11.Be3 Qb4 12.Qxb4 Nxb4 13.Rfc1 Nd7 14.a3 Nd3 15.Rc2 c5
16.dxc5 N7xc5 17.Nd5 Nxe4 18.Ne1 Nxe1 19.Rxe1 Nd6 20.Nxe7+ Kh8 21.Rec1 Rfe8
22.Nd5 Bf5 23.Nc7 Bxc2 24.Nxe8 Rxe8 25.Rxc2 b6 26.g4 h5 27.h3 hxg4 28.hxg4 f5
29.Bf3 fxg4 30.Bxg4 Nf5 31.Bxf5 gxf5 32.b3 Be5 33.Kg2 Rd8 34.Rd2 Rxd2 35.Bxd2 Kg7
36.Kf3 Kf6 37.Ke3 Ke6 38.Kd3 Kd5 39.a4  1/2-1/2

[Event "BL2-S9798"]
[Site "Germany"]
[Date "1998.??.??"]
[Round "?.3"]
[White "Pohl Kuemmel, Jens Uwe"]
[Black "Doettling, Fabian"]
[Result "1/2-1/2"]
[WhiteElo "2280"]
[BlackElo "2320"]

1.Nf3 Nf6 2.c4 g6 3.g3 Bg7 4.Bg2 O-O 5.O-O d6 6.d4 Nc6 7.Nc3 Rb8 8.Bd2 a6
9.Rc1 Bg4 10.d5 Na5 11.b3 c5 12.dxc6 Nxc6 13.Be3 Bd7 14.Nd5 Nxd5 15.cxd5 Ne5
16.Nxe5 Bxe5 17.Qd2 Rc8 18.Rxc8 Qxc8 19.Rc1 Qb8 20.Bg5 Re8 21.e4 Bg7 22.Rc2 Kf8
23.Be3 Rc8 24.Qc1 Rxc2 25.Qxc2 Qc8 26.Qxc8+ Bxc8  1/2-1/2